Patrologiae Cursus Completus
Guardat en:
| Autor principal: | |
|---|---|
| Format: | Llibre |
| Idioma: | llatí |
| Publicat: |
París
Apud Garnier Fratres
1879
París J.-P. Migne Successores 1879 |
| Col·lecció: | Series Latina, 1-87
|
| Matèries: | |
| Etiquetes: |
Afegir etiqueta
Sense etiquetes, Sigues el primer a etiquetar aquest registre!
|
MARC
| LEADER | 00000cam a2200000 a 4500 | ||
|---|---|---|---|
| 001 | UCG8107 | ||
| 003 | CL-VaPUC | ||
| 008 | 111124e18790000FR |||||||||||||||||lat|d | ||
| 082 | 0 | 4 | |a 270 |b MIG |2 21 |
| 100 | |a Migne, Jacques-Paul |e autor |9 585378 | ||
| 245 | 1 | 0 | |a Patrologiae Cursus Completus |
| 300 | |a t | ||
| 942 | |c BK | ||
| 945 | |d 20111124 00:00:00 |a cmena | ||
| 260 | |a París |b Apud Garnier Fratres |c 1879 | ||
| 260 | |a París |b J.-P. Migne Successores |c 1879 | ||
| 500 | |a t.1-2 v.1-2: Tertuliano: Opera Omnia | ||
| 500 | |a t.3-4 v.1-2: San Cipriano: Opera omnia | ||
| 500 | |a t.5: San Dionisio: arnobii afri, opera omnia | ||
| 500 | |a t.6-7 v.1-2: San Lactancio: Opera omnia | ||
| 500 | |a t.8: Constantino el Grande: Victorini | ||
| 500 | |a t.9-10 v.1-2: San Hilario de Poitiers: Opera omnia | ||
| 500 | |a t.11: San Zenón de Verona, Optato: Opera omnia | ||
| 500 | |a t.12: San Eusebio de Vercelli: Opera omnia | ||
| 500 | |a t.13: San Dámaso, San Paciano, San Lucifer: Opera omnia | ||
| 500 | |a t.14-17 v.1: San Ambrosio de Milán: Opera omnia | ||
| 500 | |a t.18: Ulfilas, Símaco, San Martín de Tours, Ticonius: Opera omnia | ||
| 500 | |a t.19: Juvenco, Celio Sedulio, Publilio Optaciano Porfirio, Severus Rethor, Faltonia Betitia Proba: Quarti saeculi, poetarum christianorum, opera omnia | ||
| 500 | |a t.20: San Sulpicio Severo, San Paulino de Nola, Fausto de Milevo, San Inocencio I: quinti saeculi scriptorum ecclesiasticorum, opera omnia | ||
| 500 | |a t.21: Rufino de Aquilea, Pelagio: Opera omnia | ||
| 500 | |a t.22-30 v.1-11: San Jerónimo: Opera omnia | ||
| 500 | |a t.31: Flavio Lucio Dextro: hispanorum chronologorum, Opera omnia | ||
| 500 | |a t.32-47 v.1-12: San Agustín: Opera omnia | ||
| 500 | |a t.48: Mario Mercator: Opera omnia | ||
| 500 | |a t.49-50 v.1-2: San Juan Casiano: Opera omnia | ||
| 500 | |a t.51: San Próspero de Aquitania: Opera omnia | ||
| 500 | |a t.52: San Pedro Crisólogo: Opera omnia | ||
| 500 | |a t.53: Salviano de Marsella; San Patricio; Arnobio; Claudiano Mamerto: Opera omnia | ||
| 500 | |a t.54-56 v.1-3: San León I: Opera omnia | ||
| 500 | |a t.57: San Máximo de Turín: Opera omnia | ||
| 500 | |a t.58: San Hilario; San Simplicio; San Félix III: Opera omnia | ||
| 500 | |a t.59-60 v.1-2: San Gelasio I; San Avito de Viena; San Faustino de Brescia; Prudencio; Draconcio: Opera omnia; Carmina omnia | ||
| 500 | |a t.61: San Paulino de Nola; San Orencio; San Auspicio de Toul: Opera omnia | ||
| 500 | |a t.62: San Eugipio; San Pascasio; San Símaco; Pedro el Diácono; Vigilio de Tapso; San León I; San Atanasio de Alejandría | ||
| 500 | |a t. 63-64 v.1-2: San Boecio; San Enodio de Pavía; Trifolio; San Hormisdas: Opera omnia | ||
| 500 | |a t.65: San Fulgencio de Ruspe; San Félix IV; San Bonifacio II: Opera omnia | ||
| 500 | |a t.66: San Benito de Nursia: Opera omnia | ||
| 500 | |a t.67: Dionisio el Exiguo; San Vivenciolo; San Troyano; Ponciano el Africano; San Cesáreo de Arlés: Opera omnia | ||
| 500 | |a t.68: Primasio De Hadrumetum; Arator; San Niceto; San Aureliano de Arlés: Opera omnia, scripta universa | ||
| 500 | |a t.69-70 v.1-2: Casiodoro: Opera omnia | ||
| 500 | |a t.71: San Gregorio de Tours: Opera omnia | ||
| 500 | |a t.72: Pelagio II; Juan III; Benedicto I (Papas): Opera omnia | ||
| 500 | |a t.73-74 v.1-2: Vitae patrum, appendix ad monumenta sex priorum ecclesiae saeculorum | ||
| 500 | |a t.75-79 v.1-5: San Gregorio Magno: Opera omnia, ad manuscriptos codices romanos, gallicos, anglicos emendata, aucta, et notis illustrata | ||
| 500 | |a t.80: Scriptorum ecclesiasticorum qui in VII saeculi prima parte, Opera omnia | ||
| 500 | |a t.81-84 v.1-8: San Isidoro de Sevilla: Opera omnia, siglo VII | ||
| 500 | |a t.85-86 v.1-2: Liturgia mozarabica, secundum regulam beati Isidori, Missale mixtum; breviarium gothicum | ||
| 500 | |a t.87: Scriptorum ecclesiasticorum qui in VII saeculi secunda parte, Opera omnia | ||
| 600 | 0 | 7 | |a TERTULIANO |2 CL-VaPUC |9 531703 |
| 600 | 0 | |a San Cipriano de Cartago |9 558742 | |
| 600 | 0 | 7 | |a SAN DIONISIO DE ALEJANDRIA |2 CL-VaPUC |9 558743 |
| 600 | 0 | |a Lactancio, Lucio Cecilio Firmiano |d 245?-325? |9 558744 | |
| 600 | 0 | 7 | |a SAN CONSTANTINO |2 CL-VaPUC |9 558745 |
| 600 | 0 | 7 | |a SAN HILARIO DE POITIERS |2 CL-VaPUC |9 558746 |
| 600 | 0 | 7 | |a SAN ZENON DE VERONA |2 CL-VaPUC |9 558747 |
| 600 | 0 | 7 | |a OPTATO |2 CL-VaPUC |9 558748 |
| 600 | 0 | 7 | |a SAN EUSEBIO DE VERCELLI |2 CL-VaPUC |9 558749 |
| 600 | 0 | 7 | |a SAN DAMASO I |2 CL-VaPUC |9 558750 |
| 600 | 0 | 7 | |a SAN PACIANO |2 CL-VaPUC |9 558751 |
| 600 | 0 | 7 | |a SAN LUCIFER |2 CL-VaPUC |9 558752 |
| 600 | 0 | 7 | |a SAN AMBROSIO DE MILAN |2 CL-VaPUC |9 558753 |
| 600 | 0 | 7 | |a ULFILAS |2 CL-VaPUC |9 558754 |
| 600 | 0 | 7 | |a SIMACO |2 CL-VaPUC |9 558755 |
| 600 | 0 | 7 | |a SAN MARTIN DE TOURS |2 CL-VaPUC |9 558756 |
| 600 | 0 | 7 | |a TICONIUS |2 CL-VaPUC |9 558757 |
| 600 | 0 | 7 | |a JUVENCO |2 CL-VaPUC |9 558758 |
| 600 | 0 | 7 | |a SEDULIO, CELIO |2 CL-VaPUC |9 558759 |
| 600 | 0 | 7 | |a PORFIRIO, PUBLILIO OPTACIANO |2 CL-VaPUC |9 558760 |
| 600 | 0 | 7 | |a RETHOR, SEVERUS |2 CL-VaPUC |9 558761 |
| 600 | 0 | 7 | |a PROBA, FALTONIA BETITIA |2 CL-VaPUC |9 558762 |
| 600 | 0 | 7 | |a SAN SULPICIO SEVERO |2 CL-VaPUC |9 558763 |
| 600 | 0 | 7 | |a SAN PAULINO DE NOLA |2 CL-VaPUC |9 558764 |
| 600 | 0 | 7 | |a FAUSTO DE MILEVO |2 CL-VaPUC |9 558765 |
| 600 | 0 | 7 | |a SAN INOCENCIO I |2 CL-VaPUC |9 558766 |
| 600 | 0 | 7 | |a RUFINO DE AQUILEA |2 CL-VaPUC |9 558767 |
| 600 | 0 | 7 | |a PELAGIO |2 CL-VaPUC |9 558768 |
| 600 | 0 | 7 | |a SAN JERONIMO |2 CL-VaPUC |9 267957 |
| 600 | 0 | 7 | |a JERONIMO DE ESTRIDON |2 CL-VaPUC |9 558769 |
| 600 | 0 | 7 | |a DEXTRO, FLAVIO LUCIO |2 CL-VaPUC |9 558770 |
| 600 | 0 | |a San Agustín de Hipona |x Teólogo y filósofo cristiano |9 311590 | |
| 600 | 0 | 7 | |a MERCATOR, MARIO |2 CL-VaPUC |9 558771 |
| 600 | 0 | 7 | |a SAN JUAN CASIANO |2 CL-VaPUC |9 558772 |
| 600 | 0 | 7 | |a SAN PROSPERO DE AQUITANIA |2 CL-VaPUC |9 558773 |
| 600 | 0 | 7 | |a SAN PEDRO CRISOLOGO |2 CL-VaPUC |9 558774 |
| 600 | 0 | 7 | |a SALVIANO |2 CL-VaPUC |9 558775 |
| 600 | 0 | 7 | |a SAN PATRICIO |2 CL-VaPUC |9 558776 |
| 600 | 0 | 7 | |a ARNOBIO |2 CL-VaPUC |9 558777 |
| 600 | 0 | 7 | |a MAMERTO, CLAUDIANO |2 CL-VaPUC |9 558778 |
| 600 | 0 | 7 | |a SAN LEON I |2 CL-VaPUC |9 558779 |
| 600 | 0 | 7 | |a SAN MAXIMO DE TURIN |2 CL-VaPUC |9 558780 |
| 600 | 0 | 7 | |a SAN HILARIO |2 CL-VaPUC |9 558781 |
| 600 | 0 | 7 | |a SAN SIMPLICIO |2 CL-VaPUC |9 558782 |
| 600 | 0 | 7 | |a SAN FELIX III |2 CL-VaPUC |9 558783 |
| 600 | 0 | 7 | |a SAN GELASIO I |2 CL-VaPUC |9 558784 |
| 600 | 0 | 7 | |a SAN AVITO DE VIENA |2 CL-VaPUC |9 558785 |
| 600 | 0 | 7 | |a SAN FAUSTINO DE BRESCIA |2 CL-VaPUC |9 558786 |
| 600 | 0 | |a Prudencio |9 558787 | |
| 600 | 0 | 7 | |a DRACONCIO |2 CL-VaPUC |9 558788 |
| 600 | 0 | 7 | |a SAN PAULINO DE NOLA |2 CL-VaPUC |9 558764 |
| 600 | 0 | 7 | |a SAN ORENCIO |2 CL-VaPUC |9 558789 |
| 600 | 0 | 7 | |a SAN AUSPICIO DE TOUL |2 CL-VaPUC |9 558790 |
| 600 | 0 | 7 | |a CONCILIO DE CALCEDONIA |2 CL-VaPUC |9 558791 |
| 600 | 0 | 7 | |a SAN EUGIPIO |2 CL-VaPUC |9 558792 |
| 600 | 0 | 7 | |a SAN PASCASIO |2 CL-VaPUC |9 558793 |
| 600 | 0 | 7 | |a SAN SIMACO |2 CL-VaPUC |9 558794 |
| 600 | 0 | 7 | |a VIGILIO DE TAPSO |2 CL-VaPUC |9 558795 |
| 600 | 0 | 7 | |a PEDRO EL DIACONO |2 CL-VaPUC |9 558796 |
| 600 | 0 | 7 | |a SAN ATANASIO |2 CL-VaPUC |9 558797 |
| 600 | 0 | 7 | |a SAN BOECIO |2 CL-VaPUC |9 558798 |
| 600 | 0 | 7 | |a SAN ENODIO |2 CL-VaPUC |9 558799 |
| 600 | 0 | 7 | |a TRIFOLIO |2 CL-VaPUC |9 558800 |
| 600 | 0 | 7 | |a SAN HORMISDAS |2 CL-VaPUC |9 558801 |
| 600 | 0 | 7 | |a SAN FULGENCIO |2 CL-VaPUC |9 558802 |
| 600 | 0 | 7 | |a SAN FELIX IV |2 CL-VaPUC |9 558803 |
| 600 | 0 | 7 | |a SAN BONIFACIO II |2 CL-VaPUC |9 558804 |
| 600 | 0 | 7 | |a SAN BENITO |2 CL-VaPUC |9 432898 |
| 600 | 0 | 7 | |a DIONISIO EL EXIGUO |2 CL-VaPUC |9 558805 |
| 600 | 0 | 7 | |a SAN VIVENCIOLO |2 CL-VaPUC |9 558806 |
| 600 | 0 | 7 | |a SAN TROYANO |2 CL-VaPUC |9 558807 |
| 600 | 0 | 7 | |a PONCIANO EL AFRICANO |2 CL-VaPUC |9 558808 |
| 600 | 0 | 7 | |a SAN CESAREO |2 CL-VaPUC |9 558809 |
| 600 | 0 | 7 | |a PRIMASIO |2 CL-VaPUC |9 558810 |
| 600 | 0 | 7 | |a ARATOR |2 CL-VaPUC |9 558811 |
| 600 | 0 | 7 | |a SAN NICETO |2 CL-VaPUC |9 558812 |
| 600 | 0 | 7 | |a SAN AURELIANO |2 CL-VaPUC |9 558813 |
| 600 | 0 | 7 | |a CASIODORO |2 CL-VaPUC |9 558814 |
| 600 | 0 | 7 | |a SAN GREGORIO DE TOURS |2 CL-VaPUC |9 558815 |
| 600 | 0 | 7 | |a PELAGIO II |2 CL-VaPUC |9 558816 |
| 600 | 0 | 7 | |a JUAN III |2 CL-VaPUC |9 558817 |
| 600 | 0 | 7 | |a BENEDICTO I |2 CL-VaPUC |9 558818 |
| 600 | 0 | 7 | |a SAN GREGORIO MAGNO |2 CL-VaPUC |9 558819 |
| 600 | 0 | 7 | |a SAN ISIDORO |2 CL-VaPUC |9 391414 |
| 650 | 7 | |a PATROLOGIA LATINA |2 CL-VaPUC |9 558820 | |
| 650 | 0 | |a Padres de la Iglesia |9 313352 | |
| 583 | |a last modification |c 20111124 10:34:00 |k Rodrigo Vera | ||
| 490 | 0 | |a Series Latina, 1-87 | |
| 999 | |c 345744 |d 345742 | ||
| 952 | |0 0 |1 0 |4 0 |6 270_000000000000000_MIG_1879_1879 |7 0 |8 X |9 445672 |a BIBTEO |b BIBTEO |c TEO_FFR |d 2019-11-22 |h t.1 v.1 |i 4800001 |o 270 MIG 1879 1879 |p 4800001 |r 2024-01-18 |w 2019-11-22 |y BK_X |k OFM | ||
| 952 | |0 0 |1 0 |4 0 |6 270_000000000000000_MIG_1879_1879 |7 0 |8 X |9 445673 |a BIBTEO |b BIBTEO |c TEO_FFR |d 2019-11-22 |h t.2 v.2 |i 480001K |o 270 MIG 1879 1879 |p 480001K |r 2024-01-18 |w 2019-11-22 |y BK_X |k OFM | ||
| 952 | |0 0 |1 0 |4 0 |6 270_000000000000000_MIG_1879_1879 |7 0 |8 X |9 445674 |a BIBTEO |b BIBTEO |c TEO_FFR |d 2019-11-22 |h t.3 v.1 |i 4800028 |o 270 MIG 1879 1879 |p 4800028 |r 2024-01-18 |w 2019-11-22 |y BK_X |k OFM | ||
| 952 | |0 0 |1 0 |4 0 |6 270_000000000000000_MIG_1879_1879 |7 0 |8 X |9 445675 |a BIBTEO |b BIBTEO |c TEO_FFR |d 2019-11-22 |h t.4 v.2 |i 4800036 |o 270 MIG 1879 1879 |p 4800036 |r 2024-01-18 |w 2019-11-22 |y BK_X |k OFM | ||
| 952 | |0 0 |1 0 |4 0 |6 270_000000000000000_MIG_1879_1879 |7 0 |8 X |9 445676 |a BIBTEO |b BIBTEO |c TEO_FFR |d 2019-11-22 |h t.5 |i 4800044 |o 270 MIG 1879 1879 |p 4800044 |r 2024-01-18 |w 2019-11-22 |y BK_X |k OFM | ||
| 952 | |0 0 |1 0 |4 0 |6 270_000000000000000_MIG_1879_1879 |7 0 |8 X |9 445677 |a BIBTEO |b BIBTEO |c TEO_FFR |d 2019-11-22 |h t.6 v.1 |i 4800052 |o 270 MIG 1879 1879 |p 4800052 |r 2024-01-18 |w 2019-11-22 |y BK_X |k OFM | ||
| 952 | |0 0 |1 0 |4 0 |6 270_000000000000000_MIG_1879_1879 |7 0 |8 X |9 445678 |a BIBTEO |b BIBTEO |c TEO_FFR |d 2019-11-22 |h t.7 v.2 |i 4800060 |o 270 MIG 1879 1879 |p 4800060 |r 2024-01-18 |w 2019-11-22 |y BK_X |k OFM | ||
| 952 | |0 0 |1 0 |4 0 |6 270_000000000000000_MIG_1879_1879 |7 0 |8 X |9 445679 |a BIBTEO |b BIBTEO |c TEO_FFR |d 2019-11-22 |h t.8 |i 4800079 |o 270 MIG 1879 1879 |p 4800079 |r 2024-01-18 |w 2019-11-22 |y BK_X |k OFM | ||
| 952 | |0 0 |1 0 |4 0 |6 270_000000000000000_MIG_1879_1879 |7 0 |8 X |9 445680 |a BIBTEO |b BIBTEO |c TEO_FFR |d 2019-11-22 |h t.9 v.1 |i 4800087 |o 270 MIG 1879 1879 |p 4800087 |r 2024-01-18 |w 2019-11-22 |y BK_X |k OFM | ||
| 952 | |0 0 |1 0 |4 0 |6 270_000000000000000_MIG_1879_1879 |7 0 |8 X |9 445681 |a BIBTEO |b BIBTEO |c TEO_FFR |d 2019-11-22 |h t.10 v.2 |i 4800095 |o 270 MIG 1879 1879 |p 4800095 |r 2024-01-18 |w 2019-11-22 |y BK_X |k OFM | ||
| 952 | |0 0 |1 0 |4 0 |6 270_000000000000000_MIG_1879_1879 |7 0 |8 X |9 445682 |a BIBTEO |b BIBTEO |c TEO_FFR |d 2019-11-22 |h t.11 |i 4800109 |o 270 MIG 1879 1879 |p 4800109 |r 2024-01-18 |w 2019-11-22 |y BK_X |k OFM | ||
| 952 | |0 0 |1 0 |4 0 |6 270_000000000000000_MIG_1879_1879 |7 0 |8 X |9 445683 |a BIBTEO |b BIBTEO |c TEO_FFR |d 2019-11-22 |h t.12 |i 4800117 |o 270 MIG 1879 1879 |p 4800117 |r 2024-01-18 |w 2019-11-22 |y BK_X |k OFM | ||
| 952 | |0 0 |1 0 |4 0 |6 270_000000000000000_MIG_1879_1879 |7 0 |8 X |9 445684 |a BIBTEO |b BIBTEO |c TEO_FFR |d 2019-11-22 |h t.13 |i 4800125 |o 270 MIG 1879 1879 |p 4800125 |r 2024-01-18 |w 2019-11-22 |y BK_X |k OFM | ||
| 952 | |0 0 |1 0 |4 0 |6 270_000000000000000_MIG_1879_1879 |7 0 |8 X |9 445685 |a BIBTEO |b BIBTEO |c TEO_FFR |d 2019-11-22 |h t.14 v.1 p.1 |i 4800133 |o 270 MIG 1879 1879 |p 4800133 |r 2024-01-18 |w 2019-11-22 |y BK_X |k OFM | ||
| 952 | |0 0 |1 0 |4 0 |6 270_000000000000000_MIG_1879_1879 |7 0 |8 X |9 445686 |a BIBTEO |b BIBTEO |c TEO_FFR |d 2019-11-22 |h t.15 v.1 p.2 |i 4800141 |o 270 MIG 1879 1879 |p 4800141 |r 2024-01-18 |w 2019-11-22 |y BK_X |k OFM | ||
| 952 | |0 0 |1 0 |4 0 |6 270_000000000000000_MIG_1879_1879 |7 0 |8 X |9 445687 |a BIBTEO |b BIBTEO |c TEO_FFR |d 2019-11-22 |h t.16 v.2 p.1 |i 480015K |o 270 MIG 1879 1879 |p 480015K |r 2024-01-18 |w 2019-11-22 |y BK_X |k OFM | ||
| 952 | |0 0 |1 0 |4 0 |6 270_000000000000000_MIG_1879_1879 |7 0 |8 X |9 445688 |a BIBTEO |b BIBTEO |c TEO_FFR |d 2019-11-22 |h t.17 v.2 p.2 |i 4800168 |o 270 MIG 1879 1879 |p 4800168 |r 2024-01-18 |w 2019-11-22 |y BK_X |k OFM | ||
| 952 | |0 0 |1 0 |4 0 |6 270_000000000000000_MIG_1879_1879 |7 0 |8 X |9 445689 |a BIBTEO |b BIBTEO |c TEO_FFR |d 2019-11-22 |h t.18 |i 4800176 |o 270 MIG 1879 1879 |p 4800176 |r 2024-01-18 |w 2019-11-22 |y BK_X |k OFM | ||
| 952 | |0 0 |1 0 |4 0 |6 270_000000000000000_MIG_1879_1879 |7 0 |8 X |9 445690 |a BIBTEO |b BIBTEO |c TEO_FFR |d 2019-11-22 |h t.19 |i 4800184 |o 270 MIG 1879 1879 |p 4800184 |r 2024-01-18 |w 2019-11-22 |y BK_X |k OFM | ||
| 952 | |0 0 |1 0 |4 0 |6 270_000000000000000_MIG_1879_1879 |7 0 |8 X |9 445691 |a BIBTEO |b BIBTEO |c TEO_FFR |d 2019-11-22 |h t.20 |i 4800192 |o 270 MIG 1879 1879 |p 4800192 |r 2024-01-18 |w 2019-11-22 |y BK_X |k OFM | ||
| 952 | |0 0 |1 0 |4 0 |6 270_000000000000000_MIG_1879_1879 |7 0 |8 X |9 445692 |a BIBTEO |b BIBTEO |c TEO_FFR |d 2019-11-22 |h t.21 |i 4800206 |o 270 MIG 1879 1879 |p 4800206 |r 2024-01-18 |w 2019-11-22 |y BK_X |k OFM | ||
| 952 | |0 0 |1 0 |4 0 |6 270_000000000000000_MIG_1879_1879 |7 0 |8 X |9 445693 |a BIBTEO |b BIBTEO |c TEO_FFR |d 2019-11-22 |h t.22 v.1 |i 4800214 |o 270 MIG 1879 1879 |p 4800214 |r 2024-01-18 |w 2019-11-22 |y BK_X |k OFM | ||
| 952 | |0 0 |1 0 |4 0 |6 270_000000000000000_MIG_1879_1879 |7 0 |8 X |9 445694 |a BIBTEO |b BIBTEO |c TEO_FFR |d 2019-11-22 |h t.23 v.2-3 |i 4800222 |o 270 MIG 1879 1879 |p 4800222 |r 2024-01-18 |w 2019-11-22 |y BK_X |k OFM | ||
| 952 | |0 0 |1 0 |4 0 |6 270_000000000000000_MIG_1879_1879 |7 0 |8 X |9 445695 |a BIBTEO |b BIBTEO |c TEO_FFR |d 2019-11-22 |h t.24 v.4 |i 4800230 |o 270 MIG 1879 1879 |p 4800230 |r 2024-01-18 |w 2019-11-22 |y BK_X |k OFM | ||
| 952 | |0 0 |1 0 |4 0 |6 270_000000000000000_MIG_1879_1879 |7 0 |8 X |9 445696 |a BIBTEO |b BIBTEO |c TEO_FFR |d 2019-11-22 |h t.25 v.5-6 |i 4800249 |o 270 MIG 1879 1879 |p 4800249 |r 2024-01-18 |w 2019-11-22 |y BK_X |k OFM | ||
| 952 | |0 0 |1 0 |4 0 |6 270_000000000000000_MIG_1879_1879 |7 0 |8 X |9 445697 |a BIBTEO |b BIBTEO |c TEO_FFR |d 2019-11-22 |h t.26 v.7 |i 4800257 |o 270 MIG 1879 1879 |p 4800257 |r 2024-01-18 |w 2019-11-22 |y BK_X |k OFM | ||
| 952 | |0 0 |1 0 |4 0 |6 270_000000000000000_MIG_1879_1879 |7 0 |8 X |9 445698 |a BIBTEO |b BIBTEO |c TEO_FFR |d 2019-11-22 |h t.27 v.8 |i 4800265 |o 270 MIG 1879 1879 |p 4800265 |r 2024-01-18 |w 2019-11-22 |y BK_X |k OFM | ||
| 952 | |0 0 |1 0 |4 0 |6 270_000000000000000_MIG_1879_1879 |7 0 |8 X |9 445699 |a BIBTEO |b BIBTEO |c TEO_FFR |d 2019-11-22 |h t.28 v.9 |i 4800273 |o 270 MIG 1879 1879 |p 4800273 |r 2024-01-18 |w 2019-11-22 |y BK_X |k OFM | ||
| 952 | |0 0 |1 0 |4 0 |6 270_000000000000000_MIG_1879_1879 |7 0 |8 X |9 445700 |a BIBTEO |b BIBTEO |c TEO_FFR |d 2019-11-22 |h t.29 v.10 |i 4800281 |o 270 MIG 1879 1879 |p 4800281 |r 2024-01-18 |w 2019-11-22 |y BK_X |k OFM | ||
| 952 | |0 0 |1 0 |4 0 |6 270_000000000000000_MIG_1879_1879 |7 0 |8 X |9 445701 |a BIBTEO |b BIBTEO |c TEO_FFR |d 2019-11-22 |h t.30 v.11 |i 480029K |o 270 MIG 1879 1879 |p 480029K |r 2024-01-18 |w 2019-11-22 |y BK_X |k OFM | ||
| 952 | |0 0 |1 0 |4 0 |6 270_000000000000000_MIG_1879_1879 |7 0 |8 X |9 445702 |a BIBTEO |b BIBTEO |c TEO_FFR |d 2019-11-22 |h t.31 |i 4800303 |o 270 MIG 1879 1879 |p 4800303 |r 2024-01-18 |w 2019-11-22 |y BK_X |k OFM | ||
| 952 | |0 0 |1 0 |4 0 |6 270_000000000000000_MIG_1879_1879 |7 0 |8 X |9 445703 |a BIBTEO |b BIBTEO |c TEO_FFR |d 2019-11-22 |h t.32 v.1 |i 4800311 |o 270 MIG 1879 1879 |p 4800311 |r 2024-01-18 |w 2019-11-22 |y BK_X |k OFM | ||
| 952 | |0 0 |1 0 |4 0 |6 270_000000000000000_MIG_1879_1879 |7 0 |8 X |9 445704 |a BIBTEO |b BIBTEO |c TEO_FFR |d 2019-11-22 |h t.33 v.2 |i 480032K |o 270 MIG 1879 1879 |p 480032K |r 2024-01-18 |w 2019-11-22 |y BK_X |k OFM | ||
| 952 | |0 0 |1 0 |4 0 |6 270_000000000000000_MIG_1879_1879 |7 0 |8 X |9 445705 |a BIBTEO |b BIBTEO |c TEO_FFR |d 2019-11-22 |h t.34 v.3 p.1 |i 4800338 |o 270 MIG 1879 1879 |p 4800338 |r 2024-01-18 |w 2019-11-22 |y BK_X |k OFM | ||
| 952 | |0 0 |1 0 |4 0 |6 270_000000000000000_MIG_1879_1879 |7 0 |8 X |9 445706 |a BIBTEO |b BIBTEO |c TEO_FFR |d 2019-11-22 |h t.35 v.3 p.2 |i 4800346 |o 270 MIG 1879 1879 |p 4800346 |r 2024-01-18 |w 2019-11-22 |y BK_X |k OFM | ||
| 952 | |0 0 |1 0 |4 0 |6 270_000000000000000_MIG_1879_1879 |7 0 |8 X |9 445707 |a BIBTEO |b BIBTEO |c TEO_FFR |d 2019-11-22 |h t.36 v.4 p.1 |i 4800354 |o 270 MIG 1879 1879 |p 4800354 |r 2024-01-18 |w 2019-11-22 |y BK_X |k OFM | ||
| 952 | |0 0 |1 0 |4 0 |6 270_000000000000000_MIG_1879_1879 |7 0 |8 X |9 445708 |a BIBTEO |b BIBTEO |c TEO_FFR |d 2019-11-22 |h t.37 v.4 p.2 |i 4800362 |o 270 MIG 1879 1879 |p 4800362 |r 2024-01-18 |w 2019-11-22 |y BK_X |k OFM | ||
| 952 | |0 0 |1 0 |4 0 |6 270_000000000000000_MIG_1879_1879 |7 0 |8 X |9 445709 |a BIBTEO |b BIBTEO |c TEO_FFR |d 2019-11-22 |h t.38 v.5 p.1 |i 4800370 |o 270 MIG 1879 1879 |p 4800370 |r 2024-01-18 |w 2019-11-22 |y BK_X |k OFM | ||
| 952 | |0 0 |1 0 |4 0 |6 270_000000000000000_MIG_1879_1879 |7 0 |8 X |9 445710 |a BIBTEO |b BIBTEO |c TEO_FFR |d 2019-11-22 |h t.39 v.5 p.2 |i 4800389 |o 270 MIG 1879 1879 |p 4800389 |r 2024-01-18 |w 2019-11-22 |y BK_X |k OFM | ||
| 952 | |0 0 |1 0 |4 0 |6 270_000000000000000_MIG_1879_1879 |7 0 |8 X |9 445711 |a BIBTEO |b BIBTEO |c TEO_FFR |d 2019-11-22 |h t.40 v.6 |i 4800397 |o 270 MIG 1879 1879 |p 4800397 |r 2024-01-18 |w 2019-11-22 |y BK_X |k OFM | ||
| 952 | |0 0 |1 0 |4 0 |6 270_000000000000000_MIG_1879_1879 |7 0 |8 X |9 445712 |a BIBTEO |b BIBTEO |c TEO_FFR |d 2019-11-22 |h t.41 v.7 |i 4800400 |o 270 MIG 1879 1879 |p 4800400 |r 2024-01-18 |w 2019-11-22 |y BK_X |k OFM | ||
| 952 | |0 0 |1 0 |4 0 |6 270_000000000000000_MIG_1879_1879 |7 0 |8 X |9 445713 |a BIBTEO |b BIBTEO |c TEO_FFR |d 2019-11-22 |h t.42 v.8 |i 4800419 |o 270 MIG 1879 1879 |p 4800419 |r 2024-01-18 |w 2019-11-22 |y BK_X |k OFM | ||
| 952 | |0 0 |1 0 |4 0 |6 270_000000000000000_MIG_1879_1879 |7 0 |8 X |9 445714 |a BIBTEO |b BIBTEO |c TEO_FFR |d 2019-11-22 |h t.43 v.9 |i 4800427 |o 270 MIG 1879 1879 |p 4800427 |r 2024-01-18 |w 2019-11-22 |y BK_X |k OFM | ||
| 952 | |0 0 |1 0 |4 0 |6 270_000000000000000_MIG_1879_1879 |7 0 |8 X |9 445715 |a BIBTEO |b BIBTEO |c TEO_FFR |d 2019-11-22 |h t.44 v.10 p.1 |i 4800435 |o 270 MIG 1879 1879 |p 4800435 |r 2024-01-18 |w 2019-11-22 |y BK_X |k OFM | ||
| 952 | |0 0 |1 0 |4 0 |6 270_000000000000000_MIG_1879_1879 |7 0 |8 X |9 445716 |a BIBTEO |b BIBTEO |c TEO_FFR |d 2019-11-22 |h t.45 v.10 p.2 |i 4800443 |o 270 MIG 1879 1879 |p 4800443 |r 2024-01-18 |w 2019-11-22 |y BK_X |k OFM | ||
| 952 | |0 0 |1 0 |4 0 |6 270_000000000000000_MIG_1879_1879 |7 0 |8 X |9 445717 |a BIBTEO |b BIBTEO |c TEO_FFR |d 2019-11-22 |h t.46 v.11 |i 4800451 |o 270 MIG 1879 1879 |p 4800451 |r 2024-01-18 |w 2019-11-22 |y BK_X |k OFM | ||
| 952 | |0 0 |1 0 |4 0 |6 270_000000000000000_MIG_1879_1879 |7 0 |8 X |9 445718 |a BIBTEO |b BIBTEO |c TEO_FFR |d 2019-11-22 |h t.47 v.12 |i 480046K |o 270 MIG 1879 1879 |p 480046K |r 2024-01-18 |w 2019-11-22 |y BK_X |k OFM | ||
| 952 | |0 0 |1 0 |4 0 |6 270_000000000000000_MIG_1879_1879 |7 0 |8 X |9 445719 |a BIBTEO |b BIBTEO |c TEO_FFR |d 2019-11-22 |h t.48 |i 4800478 |o 270 MIG 1879 1879 |p 4800478 |r 2024-01-18 |w 2019-11-22 |y BK_X |k OFM | ||
| 952 | |0 0 |1 0 |4 0 |6 270_000000000000000_MIG_1879_1879 |7 0 |8 X |9 445720 |a BIBTEO |b BIBTEO |c TEO_FFR |d 2019-11-22 |h t.49 v.1 |i 4800486 |o 270 MIG 1879 1879 |p 4800486 |r 2024-01-18 |w 2019-11-22 |y BK_X |k OFM | ||
| 952 | |0 0 |1 0 |4 0 |6 270_000000000000000_MIG_1879_1879 |7 0 |8 X |9 445721 |a BIBTEO |b BIBTEO |c TEO_FFR |d 2019-11-22 |h t.50 v.2 |i 4800494 |o 270 MIG 1879 1879 |p 4800494 |r 2024-01-18 |w 2019-11-22 |y BK_X |k OFM | ||
| 952 | |0 0 |1 0 |4 0 |6 270_000000000000000_MIG_1879_1879 |7 0 |8 X |9 445722 |a BIBTEO |b BIBTEO |c TEO_FFR |d 2019-11-22 |h t.51 |i 4800516 |o 270 MIG 1879 1879 |p 4800516 |r 2024-01-18 |w 2019-11-22 |y BK_X |k OFM | ||
| 952 | |0 0 |1 0 |4 0 |6 270_000000000000000_MIG_1879_1879 |7 0 |8 X |9 445723 |a BIBTEO |b BIBTEO |c TEO_FFR |d 2019-11-22 |h t.52 |i 4800524 |o 270 MIG 1879 1879 |p 4800524 |r 2024-01-18 |w 2019-11-22 |y BK_X |k OFM | ||
| 952 | |0 0 |1 0 |4 0 |6 270_000000000000000_MIG_1879_1879 |7 0 |8 X |9 445724 |a BIBTEO |b BIBTEO |c TEO_FFR |d 2019-11-22 |h t.53 |i 4800532 |o 270 MIG 1879 1879 |p 4800532 |r 2024-01-18 |w 2019-11-22 |y BK_X |k OFM | ||
| 952 | |0 0 |1 0 |4 0 |6 270_000000000000000_MIG_1879_1879 |7 0 |8 X |9 445725 |a BIBTEO |b BIBTEO |c TEO_FFR |d 2019-11-22 |h t.54 v.1 |i 4800540 |o 270 MIG 1879 1879 |p 4800540 |r 2024-01-18 |w 2019-11-22 |y BK_X |k OFM | ||
| 952 | |0 0 |1 0 |4 0 |6 270_000000000000000_MIG_1879_1879 |7 0 |8 X |9 445726 |a BIBTEO |b BIBTEO |c TEO_FFR |d 2019-11-22 |h t.55 v.2 |i 4800559 |o 270 MIG 1879 1879 |p 4800559 |r 2024-01-18 |w 2019-11-22 |y BK_X |k OFM | ||
| 952 | |0 0 |1 0 |4 0 |6 270_000000000000000_MIG_1879_1879 |7 0 |8 X |9 445727 |a BIBTEO |b BIBTEO |c TEO_FFR |d 2019-11-22 |h t.56 v.3 |i 4800567 |o 270 MIG 1879 1879 |p 4800567 |r 2024-01-18 |w 2019-11-22 |y BK_X |k OFM | ||
| 952 | |0 0 |1 0 |4 0 |6 270_000000000000000_MIG_1879_1879 |7 0 |8 X |9 445728 |a BIBTEO |b BIBTEO |c TEO_FFR |d 2019-11-22 |h t.57 |i 4800575 |o 270 MIG 1879 1879 |p 4800575 |r 2024-01-18 |w 2019-11-22 |y BK_X |k OFM | ||
| 952 | |0 0 |1 0 |4 0 |6 270_000000000000000_MIG_1879_1879 |7 0 |8 X |9 445729 |a BIBTEO |b BIBTEO |c TEO_FFR |d 2019-11-22 |h t.58 |i 4800583 |o 270 MIG 1879 1879 |p 4800583 |r 2024-01-18 |w 2019-11-22 |y BK_X |k OFM | ||
| 952 | |0 0 |1 0 |4 0 |6 270_000000000000000_MIG_1879_1879 |7 0 |8 X |9 445730 |a BIBTEO |b BIBTEO |c TEO_FFR |d 2019-11-22 |h t.59 v.1 |i 4800591 |o 270 MIG 1879 1879 |p 4800591 |r 2024-01-18 |w 2019-11-22 |y BK_X |k OFM | ||
| 952 | |0 0 |1 0 |4 0 |6 270_000000000000000_MIG_1879_1879 |7 0 |8 X |9 445731 |a BIBTEO |b BIBTEO |c TEO_FFR |d 2019-11-22 |h t.60 v.2 |i 4800605 |o 270 MIG 1879 1879 |p 4800605 |r 2024-01-18 |w 2019-11-22 |y BK_X |k OFM | ||
| 952 | |0 0 |1 0 |4 0 |6 270_000000000000000_MIG_1879_1879 |7 0 |8 X |9 445732 |a BIBTEO |b BIBTEO |c TEO_FFR |d 2019-11-22 |h t.61 |i 4800613 |o 270 MIG 1879 1879 |p 4800613 |r 2024-01-18 |w 2019-11-22 |y BK_X |k OFM | ||
| 952 | |0 0 |1 0 |4 0 |6 270_000000000000000_MIG_1879_1879 |7 0 |8 X |9 445733 |a BIBTEO |b BIBTEO |c TEO_FFR |d 2019-11-22 |h t.62 |i 4800621 |o 270 MIG 1879 1879 |p 4800621 |r 2024-01-18 |w 2019-11-22 |y BK_X |k OFM | ||
| 952 | |0 0 |1 0 |4 0 |6 270_000000000000000_MIG_1879_1879 |7 0 |8 X |9 445734 |a BIBTEO |b BIBTEO |c TEO_FFR |d 2019-11-22 |h t.63 v.1 |i 480063K |o 270 MIG 1879 1879 |p 480063K |r 2024-01-18 |w 2019-11-22 |y BK_X |k OFM | ||
| 952 | |0 0 |1 0 |4 0 |6 270_000000000000000_MIG_1879_1879 |7 0 |8 X |9 445735 |a BIBTEO |b BIBTEO |c TEO_FFR |d 2019-11-22 |h t.64 v.2 |i 4800648 |o 270 MIG 1879 1879 |p 4800648 |r 2024-01-18 |w 2019-11-22 |y BK_X |k OFM | ||
| 952 | |0 0 |1 0 |4 0 |6 270_000000000000000_MIG_1879_1879 |7 0 |8 X |9 445736 |a BIBTEO |b BIBTEO |c TEO_FFR |d 2019-11-22 |h t.65 |i 4800656 |o 270 MIG 1879 1879 |p 4800656 |r 2024-01-18 |w 2019-11-22 |y BK_X |k OFM | ||
| 952 | |0 0 |1 0 |4 0 |6 270_000000000000000_MIG_1879_1879 |7 0 |8 X |9 445737 |a BIBTEO |b BIBTEO |c TEO_FFR |d 2019-11-22 |h t.66 |i 4800664 |o 270 MIG 1879 1879 |p 4800664 |r 2024-01-18 |w 2019-11-22 |y BK_X |k OFM | ||
| 952 | |0 0 |1 0 |4 0 |6 270_000000000000000_MIG_1879_1879 |7 0 |8 X |9 445738 |a BIBTEO |b BIBTEO |c TEO_FFR |d 2019-11-22 |h t.67 |i 4800672 |o 270 MIG 1879 1879 |p 4800672 |r 2024-01-18 |w 2019-11-22 |y BK_X |k OFM | ||
| 952 | |0 0 |1 0 |4 0 |6 270_000000000000000_MIG_1879_1879 |7 0 |8 X |9 445739 |a BIBTEO |b BIBTEO |c TEO_FFR |d 2019-11-22 |h t.68 |i 4800680 |o 270 MIG 1879 1879 |p 4800680 |r 2024-01-18 |w 2019-11-22 |y BK_X |k OFM | ||
| 952 | |0 0 |1 0 |4 0 |6 270_000000000000000_MIG_1879_1879 |7 0 |8 X |9 445740 |a BIBTEO |b BIBTEO |c TEO_FFR |d 2019-11-22 |h t.69 v.1 |i 4800699 |o 270 MIG 1879 1879 |p 4800699 |r 2024-01-18 |w 2019-11-22 |y BK_X |k OFM | ||
| 952 | |0 0 |1 0 |4 0 |6 270_000000000000000_MIG_1879_1879 |7 0 |8 X |9 445741 |a BIBTEO |b BIBTEO |c TEO_FFR |d 2019-11-22 |h t.70 v.2 |i 4800702 |o 270 MIG 1879 1879 |p 4800702 |r 2024-01-18 |w 2019-11-22 |y BK_X |k OFM | ||
| 952 | |0 0 |1 0 |4 0 |6 270_000000000000000_MIG_1879_1879 |7 0 |8 X |9 445742 |a BIBTEO |b BIBTEO |c TEO_FFR |d 2019-11-22 |h t.71 |i 4800710 |o 270 MIG 1879 1879 |p 4800710 |r 2024-01-18 |w 2019-11-22 |y BK_X |k OFM | ||
| 952 | |0 0 |1 0 |4 0 |6 270_000000000000000_MIG_1879_1879 |7 0 |8 X |9 445743 |a BIBTEO |b BIBTEO |c TEO_FFR |d 2019-11-22 |h t.72 |i 4800729 |o 270 MIG 1879 1879 |p 4800729 |r 2024-01-18 |w 2019-11-22 |y BK_X |k OFM | ||
| 952 | |0 0 |1 0 |4 0 |6 270_000000000000000_MIG_1879_1879 |7 0 |8 X |9 445744 |a BIBTEO |b BIBTEO |c TEO_FFR |d 2019-11-22 |h t.73 v.1 |i 4800737 |o 270 MIG 1879 1879 |p 4800737 |r 2024-01-18 |w 2019-11-22 |y BK_X |k OFM | ||
| 952 | |0 0 |1 0 |4 0 |6 270_000000000000000_MIG_1879_1879 |7 0 |8 X |9 445745 |a BIBTEO |b BIBTEO |c TEO_FFR |d 2019-11-22 |h t.74 v.2 |i 4800745 |o 270 MIG 1879 1879 |p 4800745 |r 2024-01-18 |w 2019-11-22 |y BK_X |k OFM | ||
| 952 | |0 0 |1 0 |4 0 |6 270_000000000000000_MIG_1879_1879 |7 0 |8 X |9 445746 |a BIBTEO |b BIBTEO |c TEO_FFR |d 2019-11-22 |h t.75 v.1 |i 4800753 |o 270 MIG 1879 1879 |p 4800753 |r 2024-01-18 |w 2019-11-22 |y BK_X |k OFM | ||
| 952 | |0 0 |1 0 |4 0 |6 270_000000000000000_MIG_1879_1879 |7 0 |8 X |9 445747 |a BIBTEO |b BIBTEO |c TEO_FFR |d 2019-11-22 |h t.76 v.2 |i 4800761 |o 270 MIG 1879 1879 |p 4800761 |r 2024-01-18 |w 2019-11-22 |y BK_X |k OFM | ||
| 952 | |0 0 |1 0 |4 0 |6 270_000000000000000_MIG_1879_1879 |7 0 |8 X |9 445748 |a BIBTEO |b BIBTEO |c TEO_FFR |d 2019-11-22 |h t.77 v.3 |i 480077K |o 270 MIG 1879 1879 |p 480077K |r 2024-01-18 |w 2019-11-22 |y BK_X |k OFM | ||
| 952 | |0 0 |1 0 |4 0 |6 270_000000000000000_MIG_1879_1879 |7 0 |8 X |9 445749 |a BIBTEO |b BIBTEO |c TEO_FFR |d 2019-11-22 |h t.78 v.4 |i 4800788 |o 270 MIG 1879 1879 |p 4800788 |r 2024-01-18 |w 2019-11-22 |y BK_X |k OFM | ||
| 952 | |0 0 |1 0 |4 0 |6 270_000000000000000_MIG_1879_1879 |7 0 |8 X |9 445750 |a BIBTEO |b BIBTEO |c TEO_FFR |d 2019-11-22 |h t.79 v.5 |i 4800796 |o 270 MIG 1879 1879 |p 4800796 |r 2024-01-18 |w 2019-11-22 |y BK_X |k OFM | ||
| 952 | |0 0 |1 0 |4 0 |6 270_000000000000000_MIG_1879_1879 |7 0 |8 X |9 445751 |a BIBTEO |b BIBTEO |c TEO_FFR |d 2019-11-22 |h t.80 |i 480080K |o 270 MIG 1879 1879 |p 480080K |r 2024-01-18 |w 2019-11-22 |y BK_X |k OFM | ||
| 952 | |0 0 |1 0 |4 0 |6 270_000000000000000_MIG_1879_1879 |7 0 |8 X |9 445752 |a BIBTEO |b BIBTEO |c TEO_FFR |d 2019-11-22 |h t.81 v.1-2 |i 4800818 |o 270 MIG 1879 1879 |p 4800818 |r 2024-01-18 |w 2019-11-22 |y BK_X |k OFM | ||
| 952 | |0 0 |1 0 |4 0 |6 270_000000000000000_MIG_1879_1879 |7 0 |8 X |9 445753 |a BIBTEO |b BIBTEO |c TEO_FFR |d 2019-11-22 |h t.82 v.3-4 |i 4800826 |o 270 MIG 1879 1879 |p 4800826 |r 2024-01-18 |w 2019-11-22 |y BK_X |k OFM | ||
| 952 | |0 0 |1 0 |4 0 |6 270_000000000000000_MIG_1879_1879 |7 0 |8 X |9 445754 |a BIBTEO |b BIBTEO |c TEO_FFR |d 2019-11-22 |h t.83 v.5-7 |i 4800834 |o 270 MIG 1879 1879 |p 4800834 |r 2024-01-18 |w 2019-11-22 |y BK_X |k OFM | ||
| 952 | |0 0 |1 0 |4 0 |6 270_000000000000000_MIG_1879_1879 |7 0 |8 X |9 445755 |a BIBTEO |b BIBTEO |c TEO_FFR |d 2019-11-22 |h t.84 v.8 |i 4800842 |o 270 MIG 1879 1879 |p 4800842 |r 2024-01-18 |w 2019-11-22 |y BK_X |k OFM | ||
| 952 | |0 0 |1 0 |4 0 |6 270_000000000000000_MIG_1879_1879 |7 0 |8 X |9 445756 |a BIBTEO |b BIBTEO |c TEO_FFR |d 2019-11-22 |h t.85 v.1 |i 4800850 |o 270 MIG 1879 1879 |p 4800850 |r 2024-01-18 |w 2019-11-22 |y BK_X |k OFM | ||
| 952 | |0 0 |1 0 |4 0 |6 270_000000000000000_MIG_1879_1879 |7 0 |8 X |9 445757 |a BIBTEO |b BIBTEO |c TEO_FFR |d 2019-11-22 |h t.86 v.2 |i 4800877 |o 270 MIG 1879 1879 |p 4800877 |r 2024-01-18 |w 2019-11-22 |y BK_X |k OFM | ||
| 952 | |0 0 |1 0 |4 0 |6 270_000000000000000_MIG_1879_1879 |7 0 |8 X |9 445758 |a BIBTEO |b BIBTEO |c TEO_FFR |d 2019-11-22 |h t.87 |i 4800869 |o 270 MIG 1879 1879 |p 4800869 |r 2024-01-18 |w 2019-11-22 |y BK_X |k OFM | ||